[Event "Chennai op 9th"]
[Site "Chennai"]
[Date "2017.01.19"]
[Round "3"]
[White "Naveen, Rajan CJ"]
[Black "Jagadish, P."]
[Result "0-1"]
[WhiteElo "1623"]
[BlackElo "1890"]
[PlyCount "62"]
[EventDate "2017.01.18"]
[EventType "swiss"]
[EventRounds "10"]
[EventCountry "IND"]
[SourceTitle "CBM 176 Extra"]
[Source "ChessBase"]
[SourceDate "2017.03.02"]
[SourceVersion "1"]
[SourceVersionDate "2017.03.02"]
[SourceQuality "1"]

1. Nc3 Nf6 2. g3 d5 3. d3 d4 4. Nb1 e5 5. Bg2 h5 6. Bg5 Be7 7. h4 Ng4 8. Nh3 f6 9. Bd2 Nc6 10. f3 Ne3 11. Bxe3 dxe3 12. c3 Bf5 13. Qc1 Bc5 14. b4 Nxb4 15. cxb4 Bxb4+ 16. Kf1 Qd4 17. Qc4 Qxc4 18. dxc4 0-0-0 19. Kg1 Rd1+ 20. Kh2 Be1 21. Ng5 fxg5 22. Bh3 g4 23. fxg4 hxg4 24. Bxg4 Bxg4 25. a4 Rf8 26. Rg1 Rf2+ 27. Rg2 Rf1 28. Nc3 Rxa1 29. Ne4 Bf2 30. Rxf2 Rh1+ 31. Kg2 Rag1# 0-1

[Event "Chennai op 9th"]
[Site "Chennai"]
[Date "2017.01.18"]
[Round "1"]
[White "Naveen, Rajan CJ"]
[Black "Masango, Spencer"]
[Result "0-1"]
[WhiteElo "1623"]
[BlackElo "2198"]
[PlyCount "47"]
[EventDate "2017.01.18"]
[EventType "swiss"]
[EventRounds "10"]
[EventCountry "IND"]
[SourceTitle "CBM 176 Extra"]
[Source "ChessBase"]
[SourceDate "2017.03.02"]
[SourceVersion "1"]
[SourceVersionDate "2017.03.02"]
[SourceQuality "1"]

1. Nc3 e5 2. g3 d5 3. d3 Bc5 4. Bg2 Nf6 5. e4 dxe4 6. Nxe4 Nxe4 7. Bxe4 f5 8. Bg2 0-0 9. Nh3 f4 10. g4 f3 11. Bf1 Bxg4 12. Rg1 Bxh3 13. Bxh3 Qh4 14. Rg3 Nc6 15. c3 h6 16. Qb3+ Kh8 17. Qxb7 Ne7 18. Qxc7 Nf5 19. Bxf5 Bxf2+ 20. Kxf2 Qxh2+ 21. Kxf3 Rxf5+ 22. Ke4 Qxg3 23. Kxf5 Rf8+ 24. Ke6 0-1